| Tag |
First Indicator |
Second Indicator |
Subfields |
| LEADER |
00000cam a22000001a 4500 |
| 001 |
in00004156021 |
| 005 |
20200117093456.0 |
| 006 |
m d f |
| 007 |
cr bn mmmapmmp |
| 008 |
140916s2013 mdu o f000 0 eng d |
| 035 |
|
|
|a chdc20130257
|
| 040 |
|
|
|a UMI
|c UMI
|d UtOrBLW
|
| 086 |
0 |
|
|a Y 4.C 73/8:113-29
|
| 110 |
1 |
|
|a United States.
|b Congress.
|b House.
|b Committee on Energy and Commerce.
|b Subcommittee on Environment and the Economy.
|0 http://id.loc.gov/authorities/names/no2011105488
|
| 245 |
1 |
0 |
|a H.R. __, the Coal Ash Recycling and Oversight Act of 2013.
|
| 264 |
|
1 |
|a Bethesda, Md. :
|b ProQuest,
|c 2013.
|
| 300 |
|
|
|a 258 pages, digital, PDF file.
|
| 336 |
|
|
|a text
|b txt
|2 rdacontent
|
| 337 |
|
|
|a computer
|b c
|2 rdamedia
|
| 338 |
|
|
|a online resource
|b cr
|2 rdacarrier
|
| 500 |
|
|
|a Record is based on bibliographic data in ProQuest U.S. Congressional Hearings Digital Collection. Reuse except for individual research requires license from ProQuest, LLC.
|
| 500 |
|
|
|a Electronic resource.
|
| 533 |
|
|
|a Electronic reproduction.
|b [Bethesda, Md.] :
|c ProQuest,
|d 2013.
|e digital, PDF file.
|n ProQuest Congressional Hearings Digital Collection.
|n Mode of access: World Wide Web via ProQuest website.
|
| 538 |
|
|
|a System requirements: PDF reader software.
|
| 610 |
1 |
0 |
|a United States.
|b Environmental Protection Agency.
|0 http://id.loc.gov/authorities/names/n79079597
|
| 650 |
|
0 |
|a Refuse and refuse disposal.
|0 http://id.loc.gov/authorities/subjects/sh85112316
|
| 776 |
0 |
8 |
|i Microfiche version:
|a United States. Congress. House. Committee on Energy and Commerce. Subcommittee on Environment and the Economy
|t H.R. __, the Coal Ash Recycling and Oversight Act of 2013
|o CIS 2013 H361-144
|w cis201300362
|
| 856 |
4 |
0 |
|u http://proxy.library.tamu.edu/login?url=http://search.proquest.com/congcomp/getdoc?HEARING-ID=HRG-2013-HEC-0013
|y Electronic resource (PDF)
|z CIS 2013-H361-144
|t 0
|
| 998 |
|
|
|a cis201300362
|
| 999 |
f |
f |
|s bb9544bc-a423-34c6-86ac-9df9b222137b
|i 4d0c2f5d-25c4-3c16-a065-65a9b4eecc04
|t 0
|
| 952 |
f |
f |
|a Texas A&M University
|b College Station
|c Electronic Resources
|d Available Online
|t 0
|e Y 4.C 73/8:113-29
|h Superintendent of Documents classification
|
| 998 |
f |
f |
|a Y 4.C 73/8:113-29
|t 0
|l Available Online
|